00429nam a22001577a 4500999001900000005001700019010001300036020002200049037001600071082001000087245004800097260003400145270005100179300001700230942002400247 c168120d16812020190926163900.0 aB-219165 a8183820220c95.00 bLotus Press a650.1 aHow to start my business/cPhilip J. Samuel aNew DelhibLotus Press c2006 a4263/3 Ansari road Darya Ganj New Delhi-110002 a104p.c22cm. 2ddccENh650.1mSAM